Análisis de las causas del fracaso escolar en la Universidad Politécnica de Madrid

Saved in:
Bibliografiske detaljer
Hovedforfatter: González Tirados, Rosa María (Author)
Format: Bog
Sprog:spansk
Udgivet: Madrid Ministerio de Educación y Cultura 1989
Madrid CIDE 1989
Serier:Colección Investigación, 29
Fag:
Tags: Tilføj Tag
Ingen Tags, Vær først til at tagge denne postø!

MARC

LEADER 00000nam a2200000 a 4500
001 UCK9328
003 CL-VaPUC
008 060428e19890000sp |||||||||||||||||spa|d
020 |a 8436914866 
082 0 4 |a 378.007  |b GON  |2 21 
100 |a González Tirados, Rosa María  |e author  |9 499085 
245 1 0 |a Análisis de las causas del fracaso escolar en la Universidad Politécnica de Madrid 
300 |a 248 p 
942 |c BK 
945 |d 20060428 00:00:00  |a cmena 
260 |a Madrid  |b Ministerio de Educación y Cultura  |c 1989 
260 |a Madrid  |b CIDE  |c 1989 
600 0 7 |a UNIVERSIDAD POLITECNICA DE MADRID  |2 CL-VaPUC  |9 499059 
650 7 |a FRACASO ESCOLAR  |2 CL-VaPUC  |9 308828 
650 0 |a Universidades  |9 256317 
650 0 |a Educación superior   |9 223851 
650 0 |a Calidad de la educación   |9 307271 
650 0 |a Psicología educacional   |9 307830 
583 |a last modification  |c 20171123 01:15:40  |k Rodrigo Vera 
490 0 |a Colección Investigación, 29 
999 |c 316544  |d 316542 
952 |0 0  |1 0  |4 0  |6 378_007000000000000_GON_1989_1989  |7 0  |8 A  |9 390995  |a BIBEDU  |b BIBEDU  |d 2019-11-22  |i 4224590  |o 378.007 GON 1989 1989  |p 4224590  |r 2019-11-22  |w 2019-11-22  |y BK  |k EDU